Treasures in Earthen Vessels : Past-Present-Future Medak and karimnagar Dioceses of CSI (Record no. 23632)
[ view plain ]
| 000 -LEADER | |
|---|---|
| fixed length control field | 00420nam a22001457a 4500 |
| 020 ## - INTERNATIONAL STANDARD BOOK NUMBER | |
| ISBN | 9788198732682 |
| 082 ## - DEWEY DECIMAL CLASSIFICATION NUMBER | |
| Classification number | 285.9144 |
| Author Cutter | SUR |
| 100 ## - MAIN ENTRY--AUTHOR NAME | |
| Author name | Surya Prakash Perumalla |
| 245 ## - TITLE STATEMENT | |
| Title | Treasures in Earthen Vessels : Past-Present-Future Medak and karimnagar Dioceses of CSI |
| 260 ## - PUBLICATION, DISTRIBUTION, ETC. (IMPRINT) | |
| Place of publication | Hyderabad |
| Name of publisher | Good News Broadcasting Society |
| Year of publication | 2025 |
| 300 ## - PHYSICAL DESCRIPTION | |
| Number of Pages | 424 |
| 650 ## - SUBJECT ADDED ENTRY--TOPICAL TERM | |
| Topical Term | Church of South India |
| 942 ## - ADDED ENTRY ELEMENTS (KOHA) | |
| Koha item type | Books |
| Home library | Current library | Shelving location | Date acquired | Source of acquisition | Full call number | Accession Number | Koha item type |
|---|---|---|---|---|---|---|---|
| Henry Martyn Institute Library | Henry Martyn Institute Library | General stacks | 10/13/2025 | Director | 285.9144 SUR | 11004902 | Books |
| Henry Martyn Institute Library | Henry Martyn Institute Library | General stacks | 10/13/2025 | Director | 285.9144 SUR | 11004903 | Books |
